Statistics for Districts of Austria on a Map

Click here to take the quiz!

General Stats

  • This quiz has been taken 494 times
    (467 since last reset)
  • The average score is 52 of 95

Answers on the Map

Answers color-coded by a green-red scale on the quiz's map according to % correct below.
 

Answer Stats

StateDistrict% Correct
ViennaVienna
98%
SalzburgSalzburg
95%
SalzburgSalzburg-Umgebung
95%
TyrolInnsbruck
89%
TyrolInnsbruck-Land
89%
StyriaGraz
87%
Upper AustriaLinz
87%
StyriaGraz-Umgebung
87%
Upper AustriaLinz-Land
87%
CarinthiaKlagenfurt am Wörthersee
83%
CarinthiaKlagenfurt-Land
83%
VorarlbergBregenz
77%
Lower AustriaSt. Pölten
75%
CarinthiaVillach
75%
Lower AustriaSt. Pölten
75%
CarinthiaVillach-Land
75%
BurgenlandEisenstadt
74%
BurgenlandEisenstadt Umgebung
74%
Lower AustriaWiener Neustadt
72%
Lower AustriaWiener Neustadt
72%
Upper AustriaWels
67%
Upper AustriaWels-Land
67%
VorarlbergFeldkirch
65%
VorarlbergDornbirn
64%
Upper AustriaSteyr
62%
TyrolLienz
62%
Upper AustriaSteyr-Land
62%
Lower AustriaKrems an der Donau
59%
Lower AustriaKrems
59%
Upper AustriaBraunau am Inn
58%
Lower AustriaBruck an der Leitha
58%
StyriaBruck-Mürzzuschlag
58%
Lower AustriaGmünd
58%
StyriaLeoben
58%
SalzburgZell am See
57%
Lower AustriaAmstetten
56%
StyriaLiezen
55%
BurgenlandNeusiedl am See
55%
TyrolKitzbühel
54%
TyrolKufstein
54%
Lower AustriaBaden
53%
Upper AustriaGmunden
53%
SalzburgSankt Johann im Pongau
53%
CarinthiaWolfsberg
53%
VorarlbergBludenz
52%
Lower AustriaMödling
52%
CarinthiaSpittal an der Drau
52%
TyrolImst
50%
StyriaMurtal
50%
SalzburgHallein
49%
Lower AustriaMelk
49%
BurgenlandMattersburg
48%
CarinthiaHermagor
47%
TyrolLandeck
47%
BurgenlandRust
47%
StyriaDeutschlandsberg
46%
TyrolReutte
46%
Lower AustriaTulln
46%
Lower AustriaHorn
45%
StyriaMurau
45%
BurgenlandOberpullendorf
45%
TyrolSchwaz
45%
StyriaSüdoststeiermark
45%
Lower AustriaWaidhofen an der Ybbs
44%
CarinthiaFeldkirchen
44%
StyriaHartberg-Fürstenfeld
44%
StyriaLeibnitz
44%
BurgenlandOberwart
44%
Lower AustriaWaidhofen an der Thaya
44%
Lower AustriaZwettl
44%
Lower AustriaKorneuburg
43%
Upper AustriaRied im Innkreis
43%
Upper AustriaFreistadt
42%
Lower AustriaMistelbach
42%
SalzburgTamsweg
42%
Upper AustriaUrfahr-Umgebung
42%
StyriaVölkermarkt
41%
StyriaWeiz
41%
BurgenlandJennersdorf
40%
Upper AustriaVöcklabruck
40%
BurgenlandGüssing
39%
Lower AustriaHollabrunn
39%
Lower AustriaLilienfeld
39%
Lower AustriaNeunkirchen
39%
Upper AustriaPerg
39%
Lower AustriaGänserndorf
38%
Upper AustriaSchärding
38%
CarinthiaSankt Veit an der Glan
37%
Upper AustriaEferding
35%
Lower AustriaScheibbs
35%
StyriaVoitsberg
35%
Upper AustriaKirchdorf
33%
Upper AustriaRohrbach
33%
Upper AustriaGrieskirchen
31%
StyriaGröbming
31%

Score Distribution

Percentile by Number Answered

Percent of People with Each Score

Your Score History

You have not taken this quiz since the last reset